Trade policy: regionalization versus globalization.
Myšlienky z práce profesora Washingtonskej univerzity o protichodných trendoch vo vytváraní trhov regionálnej a národnej povahy a svetového trhu na druhej strane. Obmedzujúce postoje vlády sú odrazom nacionálnych a defenzívnych postojov ich obyvateľstva, ktorá však svojim spotrebiteľským správaním n...
Salvato in:
| Autore principale: | |
|---|---|
| Natura: | Capitolo di libro |
| Lingua: | inglese |
| Soggetti: | |
| Tags: |
Nessun Tag, puoi essere il primo ad aggiungerne!!
|
MARC
| LEADER | 00000naa a2200000 4500 | ||
|---|---|---|---|
| 001 | r007863 | ||
| 005 | 20220913122421.7 | ||
| 041 | 0 | |a eng | |
| 044 | |a US | ||
| 245 | 1 | 0 | |a Trade policy: regionalization versus globalization. |c G.R. Rosen |
| 520 | |a Myšlienky z práce profesora Washingtonskej univerzity o protichodných trendoch vo vytváraní trhov regionálnej a národnej povahy a svetového trhu na druhej strane. Obmedzujúce postoje vlády sú odrazom nacionálnych a defenzívnych postojov ich obyvateľstva, ktorá však svojim spotrebiteľským správaním na trhu favorizuje globalizáciu trhu. | ||
| 610 | 2 | 0 | |a politika obchodná |
| 610 | 2 | 0 | |a trh |
| 610 | 2 | 0 | |a regionalizácia |
| 610 | 2 | 0 | |a trh svetový |
| 610 | 2 | 0 | |a správanie |
| 610 | 2 | 0 | |a spotrebitelia |
| 610 | 2 | 0 | |a mechanizmus trhový |
| 100 | 1 | |a Rosen, G.R. | |